000 00219nam a2200085Ia 4500
008 170620s9999 xx 000 0 und d
100 _aN V PRANJAPE
245 0 _aINDIAN LEGAL AND CONSTITUTIONAL HISTORY
260 _bALLAHABAD : C L A
260 _c2010
999 _c29469
_d29469